|
|
|
|
| LEADER |
01161nam a22003257a 4500 |
| 001 |
mzk03001024053 |
| 003 |
CZ BrMZK |
| 005 |
20111213133133.0 |
| 007 |
ta |
| 008 |
050601s1794 au fr|||||00| ||gerod |
| 040 |
|
|
|a BOA001
|b cze
|c BOA001
|
| 072 |
|
7 |
|a 094
|x Staré tisky
|2 Konspekt
|9 12
|
| 080 |
|
|
|a (0.068)094
|2 MRF
|
| 100 |
0 |
|
|a Hérodotos,
|d asi 484 př. Kr.-asi 425 př. Kr.
|7 jn19981001510
|4 aut
|
| 245 |
1 |
0 |
|a Geschichte.
|n T. 5. /
|c Aus dem Griechischen übersetzt von Johann Friedrich Degen ...
|
| 260 |
|
|
|a Wien :
|b [s.n.],
|c 1794
|
| 300 |
|
|
|a 198 s. ;
|c 8°
|
| 490 |
0 |
|
|a Sammlung der römischen und griechischen Klassiker in deutschen Übersetzungen ;
|v Bd. 21
|
| 501 |
|
|
|a Přívazek k 4. dílu téhož titulu
|
| 655 |
|
7 |
|a staré tisky
|7 fd422076
|2 czenas
|
| 830 |
|
0 |
|a Sammlung der römischen und griechischen Klassiker in deutschen Übersetzungen
|
| 903 |
|
|
|a RP
|
| 910 |
|
|
|a BOA001
|b G-0002.011,4,přív.
|
| 978 |
|
|
|b S.n.
|a Wien
|c 1794
|
| 984 |
|
|
|a Vídeň
|b Rakousko
|
| 985 |
|
|
|a 1751-1800
|
| 990 |
|
|
|a BK
|
| 993 |
|
|
|a Y
|
| 991 |
|
|
|k mzk
|
| 994 |
|
|
|a UP
|l MZK03
|b 001024052
|m přívazek
|n záznam 1. díla (pro objednání pokračujte kliknutím)
|